Catálogo

MADRUGANDO AMANECE (Registro nro. 6375)

Detalles MARC
000 -LEADER
fixed length control field 00465nam a2200169 a 4500
001 - CONTROL NUMBER
control field 6375
005 - DATE AND TIME OF LATEST TRANSACTION
control field 20180713190230.0
008 - FIXED-LENGTH DATA ELEMENTS--GENERAL INFORMATION
fixed length control field 140415s1988 000 0 spa d
041 ## - LANGUAGE CODE
Language code of text/sound track or separate title spa
082 ## - DEWEY DECIMAL CLASSIFICATION NUMBER
Classification number 863
Item number PAO
100 1# - MAIN ENTRY--PERSONAL NAME
Personal name PAOLI BOLIO, FRANCISCO JOSE
245 10 - TITLE STATEMENT
Title MADRUGANDO AMANECE
250 ## - EDITION STATEMENT
Edition statement 2a ed.
260 ## - PUBLICATION, DISTRIBUTION, ETC.
Place of publication, distribution, etc. [s.l.] :
Name of publisher, distributor, etc. PLAZA Y VALDES EDITORES,
Date of publication, distribution, etc. 1988
300 ## - PHYSICAL DESCRIPTION
Extent 288
650 14 - SUBJECT ADDED ENTRY--TOPICAL TERM
Topical term or geographic name entry element NOVELA POLITICA
General subdivision MEXICO
-- POLITICA EN LA LITERATURA
Existencias
Withdrawn status Lost status Source of classification or shelving scheme Damaged status Not for loan Collection code Home library Current library Shelving location Date acquired Source of acquisition Inventory number Total Checkouts Full call number Barcode Date last seen Price effective from Koha item type
    Dewey Decimal Classification     General Biblioteca Karol Wojtyla Biblioteca Karol Wojtyla Sala general 03/12/2013 Compra 151000000000000000035365   863 PAO 1988 18834 05/01/2026 11/01/2017 Libro